|
|
|
|
| LEADER |
00000nam0a2200000 4500 |
| 001 |
272644 |
| 005 |
20231101234544.0 |
| 035 |
|
|
|a (RuTPU)RU\TPU\book\295851
|
| 090 |
|
|
|a 272644
|
| 100 |
|
|
|a 20141020d1987 k y0rusy50 ca
|
| 101 |
0 |
|
|a rus
|
| 102 |
|
|
|a KG
|
| 105 |
|
|
|a a z 001zy
|
| 200 |
1 |
|
|a Физика и механика разрушения горных пород
|f Академия наук Киргизской ССР (АН КиргССР), Институт физики и механики горных пород ; под ред. В. Я. Степанова
|
| 210 |
|
|
|a Фрунзе
|c Илим
|d 1987
|
| 215 |
|
|
|a 166 с.
|c ил.
|
| 320 |
|
|
|a Библиография в конце статей
|
| 606 |
1 |
|
|a Горные породы
|x Разрушение
|x Физико-механические свойства
|2 stltpush
|3 (RuTPU)RU\TPU\subj\8041
|9 35535
|
| 610 |
1 |
|
|a нагрузки
|
| 610 |
1 |
|
|a расчет
|
| 610 |
1 |
|
|a механические свойства
|
| 610 |
1 |
|
|a удароопасность
|
| 610 |
1 |
|
|a динамическое разрушение
|
| 610 |
1 |
|
|a интегральные уравнения
|
| 610 |
1 |
|
|a трещиноватость
|
| 610 |
1 |
|
|a месторождения
|
| 610 |
1 |
|
|a разработка
|
| 610 |
1 |
|
|a горное давление
|
| 675 |
|
|
|a 622.23.02
|v 3
|
| 702 |
|
1 |
|a Степанов
|b В. Я.
|4 340
|
| 712 |
0 |
2 |
|a Академия наук Киргизской ССР (АН КиргССР)
|b Институт физики и механики горных пород
|2 stltpush
|3 (RuTPU)RU\TPU\col\12429
|
| 801 |
|
1 |
|a RU
|b 63413507
|c 20141020
|
| 801 |
|
2 |
|a RU
|b 63413507
|c 20160526
|g RCR
|
| 942 |
|
|
|c BK
|